| 000 | 00502nam a22001577a 4500 | ||
|---|---|---|---|
| 005 | 20170522101726.0 | ||
| 008 | 170522b xxu||||| |||| 00| 0 eng d | ||
| 020 | _a9789699368196 | ||
| 040 | _cPK-LaUMT | ||
| 082 |
_aUMT 297.124092 _bJAM-M |
||
| 100 | _aJamila Shaukat = جمیلہ شوکت | ||
| 245 |
_aMohadd-e-seen undlus = محدثین اندلس / _cJamila Shaukat = جمیلہ شوکت |
||
| 260 |
_aLahore : _bUniversity of Management and Technology, _c2017 |
||
| 300 | _a532 p. | ||
| 942 | _cBK | ||
| 999 |
_c93862 _d93862 |
||